00470nam a22001577a 450000500170000001000150001702000260003203500130005803700130007108200090008410000330009324500450012626000360017127000500020730000550025720240101120248.0 aHIN-126521 a9789392844133c195.00 aHN-98867 bDBAD/PUB aउ  aप्रेमचन्द  aगबन/cप्रेमचन्द  aDelhibAdhunik prakashanc2022  a4771/23 Ansari road daryaganj bDelhie110002 a231 पृ.;c22 सेमी.(अजिल्द)